[Event "C.to Italiano Semifinale"]
[Site "Civitanova Marche ITA"]
[Date "2014.07.22"]
[Round "4"]
[White "Bove, Alessandro"]
[Black "Vezzosi, Paolo"]
[WhiteElo "2323"]
[BlackElo "2282"]
[Result "1/2-1/2"]
[PlyCount "49"]
[EventDate "2014.07.19"]

1. c4 e5 2. Nc3 Nf6 3. Nf3 Nc6 4. e3 Bb4 5. Qc2 O-O 6. Nd5 Re8 7. Qf5 d6 8.
Nxf6+ Qxf6 9. Qxf6 gxf6 10. a3 Bc5 11. b4 Bb6 12. Bb2 a5 13. b5 Ne7 14. Rc1 c6
15. Be2 Be6 16. d4 cxb5 17. cxb5 Rec8 18. O-O Rxc1 19. Rxc1 Rc8 20. Rxc8+ Nxc8
21. Kf1 Bc7 22. Bc3 b6 23. Ke1 Ne7 24. Kd2 Bd5 25. Ne1 1/2-1/2

[Event "C.to Italiano Semifinale"]
[Site "Civitanova Marche ITA"]
[Date "2014.07.22"]
[Round "4"]
[White "Cocchi, Andrea"]
[Black "Rettore, Ludwig"]
[WhiteElo "2282"]
[BlackElo "2119"]
[Result "1/2-1/2"]
[PlyCount "45"]
[EventDate "2014.07.19"]

1. Nf3 d5 2. b3 Nf6 3. Bb2 e6 4. e3 Be7 5. c4 O-O 6. Be2 Nbd7 7. Nc3 b6 8. cxd5
Nxd5 9. Nxd5 exd5 10. Rc1 c5 11. O-O Bb7 12. d4 Bd6 13. Bd3 Rc8 14. Qe2 Rc7 15.
Rfd1 Qe7 16. Ba6 Ba8 17. Rc2 f5 18. g3 Nf6 19. Rdc1 Ne4 20. Ne1 Ng5 21. Nf3 Ne4
22. Ne1 Ng5 23. Nf3 1/2-1/2

[Event "C.to Italiano Semifinale"]
[Site "Civitanova Marche ITA"]
[Date "2014.07.22"]
[Round "4"]
[White "Contin, Daniel"]
[Black "Brociner, Beniamino"]
[WhiteElo "2319"]
[BlackElo "2154"]
[Result "1-0"]
[PlyCount "69"]
[EventDate "2014.07.19"]

1. c4 Nf6 2. Nc3 d6 3. g3 e5 4. Bg2 Be7 5. Nf3 c6 6. O-O O-O 7. d4 Nbd7 8. Qc2
Re8 9. h3 Bf8 10. e4 a6 11. a4 a5 12. Be3 exd4 13. Nxd4 Nc5 14. Rfe1 Qc7 15.
Rad1 Nfd7 16. f4 Na6 17. Qd2 Ndc5 18. f5 f6 19. Bf4 Nb4 20. Bf1 Qb6 21. Kh2 Bd7
22. Re3 Rad8 23. g4 Bc8 24. g5 Kh8 25. Be2 Qc7 26. h4 Re7 27. Qe1 Nd7 28. Qg3
Ne5 29. Rg1 Ree8 30. gxf6 g6 31. h5 Qf7 32. hxg6 Qxf6 33. Bg5 Ng4+ 34. Qxg4
Qxd4 35. Qh4 1-0

[Event "C.to Italiano Semifinale"]
[Site "Civitanova Marche ITA"]
[Date "2014.07.22"]
[Round "4"]
[White "De Filomeno, Simone"]
[Black "Pesce, Gabriele"]
[WhiteElo "2440"]
[BlackElo "2203"]
[Result "1-0"]
[PlyCount "61"]
[EventDate "2014.07.19"]

1. Nf3 Nf6 2. c4 g6 3. g3 Bg7 4. Bg2 O-O 5. O-O d6 6. Nc3 c5 7. d4 cxd4 8. Nxd4
Ng4 9. h3 Ne5 10. b3 Nbc6 11. Be3 Bd7 12. Rc1 Nxd4 13. Bxd4 Bc6 14. e4 a5 15.
Re1 Rc8 16. f4 Nd7 17. Bf2 Re8 18. Re2 Qc7 19. Rd2 b5 20. Nd5 Qb7 21. cxb5 Qxb5
22. Rdc2 Kf8 23. e5 Qb7 24. Nxe7 Bxg2 25. Rxc8 Nxe5 26. fxe5 Bxe5 27. R1c7 Qe4
28. Rxe8+ Kxe8 29. Qg4 f5 30. Qxe4 Bxe4 31. Nc6 1-0

[Event "C.to Italiano Semifinale"]
[Site "Civitanova Marche ITA"]
[Date "2014.07.22"]
[Round "4"]
[White "Luciani, Valerio"]
[Black "Xia, Jie"]
[WhiteElo "2206"]
[BlackElo "2292"]
[Result "0-1"]
[PlyCount "106"]
[EventDate "2014.07.19"]

1. d4 Nf6 2. c4 e6 3. Nc3 Bb4 4. a3 Bxc3+ 5. bxc3 b6 6. f3 Nc6 7. e4 h6 8. Bd3
O-O 9. Ne2 Ba6 10. Ng3 Na5 11. Qe2 c6 12. e5 Ne8 13. Be3 d5 14. O-O Bxc4 15. f4
f5 16. exf6 Nxf6 17. Rae1 Bxd3 18. Qxd3 Nc4 19. Bc1 Qd7 20. h3 Nd6 21. Kh2 Nfe4
22. Ne2 c5 23. g4 Rac8 24. dxc5 Nxc5 25. Qd4 Nb3 26. Qd3 Nxc1 27. Rxc1 Rc4 28.
f5 Ne4 29. fxe6 Qxe6 30. Rxf8+ Kxf8 31. Nf4 Qd6 32. Kg2 Nf6 33. Ng6+ Kg8 34.
Rf1 Qe6 35. Rf3 Qe4 36. Kg3 Qxd3 37. Rxd3 Rxc3 38. Kg2 Ne4 39. Rxd5 Nf6 40.
Rd8+ Kf7 41. Ne5+ Ke6 42. Nf3 Rxa3 43. Nd4+ Ke5 44. Nf5 b5 45. Rb8 a6 46. Nxg7
Nd5 47. Re8+ Kf6 48. Nh5+ Kf7 49. Rh8 b4 50. Rxh6 b3 51. g5 b2 52. g6+ Kg8 53.
g7 Nf4+ 0-1

[Event "C.to Italiano Semifinale"]
[Site "Civitanova Marche ITA"]
[Date "2014.07.22"]
[Round "4"]
[White "Miracola, Massimiliano"]
[Black "Formento, Paolo"]
[WhiteElo "2157"]
[BlackElo "2228"]
[Result "1/2-1/2"]
[PlyCount "104"]
[EventDate "2014.07.19"]

1. Nf3 Nf6 2. g3 b6 3. c4 e6 4. Bg2 Bb7 5. O-O Be7 6. d4 O-O 7. Nc3 Na6 8. b3
d5 9. Ne5 Qc8 10. cxd5 exd5 11. Bb2 Qe6 12. Nd3 c6 13. Rc1 Nc7 14. Re1 Qf5 15.
e4 dxe4 16. Nxe4 Ncd5 17. Ne5 Bb4 18. Nxf6+ Qxf6 19. Nd7 Qd6 20. Nxf8 Bxe1 21.
Qxe1 Rxf8 22. Qe2 g6 23. Re1 Bc8 24. Qe5 Qxe5 25. Rxe5 Be6 26. Bxd5 Bxd5 27.
Bc1 Kg7 28. Kf1 Ra8 29. Ke2 a5 30. Kd3 a4 31. Kc3 axb3 32. axb3 Ra1 33. Kb2 Ra5
34. Bd2 Ra7 35. h4 f6 36. Re8 Kf7 37. Re1 Re7 38. Rxe7+ Kxe7 39. Kc3 Ke6 40. b4
Kf5 41. Kd3 g5 42. hxg5 fxg5 43. f4 g4 44. Ke3 Be4 45. Be1 Bc2 46. Bd2 Ke6 47.
Be1 Kd5 48. Bc3 Bf5 49. Bd2 Kc4 50. Be1 h6 51. Bd2 Kb3 52. Be1 Kc4 1/2-1/2

[Event "C.to Italiano Semifinale"]
[Site "Civitanova Marche ITA"]
[Date "2014.07.22"]
[Round "4"]
[White "Moroni, Luca Jr"]
[Black "Valsecchi, Alessio"]
[WhiteElo "2347"]
[BlackElo "2421"]
[Result "0-1"]
[PlyCount "84"]
[EventDate "2014.07.19"]

1. c4 e5 2. Nc3 Nc6 3. Nf3 Nf6 4. a3 g6 5. g3 Bg7 6. Bg2 O-O 7. d3 d6 8. O-O a5
9. Rb1 Nd4 10. b4 axb4 11. axb4 Nxf3+ 12. Bxf3 h6 13. Bb2 Bh3 14. Re1 Rb8 15.
Ra1 Nh7 16. Ra7 Ng5 17. Bh1 c6 18. Bc1 f5 19. Bxg5 Qxg5 20. Qc2 e4 21. e3 Qf6
22. Ne2 g5 23. dxe4 fxe4 24. Nd4 d5 25. Bg2 Bxg2 26. Kxg2 Qf7 27. Rd1 h5 28.
cxd5 cxd5 29. Qe2 Rbc8 30. h3 Rc4 31. b5 Be5 32. g4 Bb8 33. Ra8 Qc7 34. Rh1 h4
35. Qd2 Qe5 36. Nf5 Kh7 37. Rd1 Qh2+ 38. Kf1 Qxh3+ 39. Ke1 Qxg4 40. Qxd5 Qg1+
41. Ke2 Rc2+ 42. Rd2 Qg4+ 0-1

[Event "C.to Italiano Semifinale"]
[Site "Civitanova Marche ITA"]
[Date "2014.07.22"]
[Round "4"]
[White "Stella, Andrea"]
[Black "Gilevych, Artem"]
[WhiteElo "2428"]
[BlackElo "2362"]
[Result "1/2-1/2"]
[PlyCount "25"]
[EventDate "2014.07.19"]

1. c4 e6 2. g3 d5 3. Bg2 c6 4. Nf3 Nd7 5. O-O Be7 6. d4 f5 7. Qc2 Ngf6 8. cxd5
cxd5 9. Bf4 O-O 10. Nc3 Nh5 11. Be5 Nb6 12. Na4 Nxa4 13. Qxa4 1/2-1/2

[Event "C.to Italiano Semifinale"]
[Site "Civitanova Marche ITA"]
[Date "2014.07.22"]
[Round "4"]
[White "Zamengo, Fulvio"]
[Black "Martorelli, Antonio"]
[WhiteElo "2162"]
[BlackElo "2269"]
[Result "1-0"]
[PlyCount "111"]
[EventDate "2014.07.19"]

1. e4 e5 2. Nf3 Nc6 3. Bb5 Nf6 4. Bxc6 bxc6 5. O-O d6 6. Re1 Be7 7. Nc3 c5 8.
d3 O-O 9. Ne2 c4 10. Ng3 cxd3 11. Qxd3 Nd7 12. Be3 a5 13. c4 Rb8 14. Qc3 g6 15.
Bh6 Re8 16. b3 a4 17. b4 d5 18. c5 d4 19. Qc4 c6 20. a3 Bf6 21. Rad1 Nf8 22. h3
Ne6 23. Nf1 Nc7 24. N1h2 Nb5 25. Qc1 Nc3 26. Rd2 Rb7 27. Ng4 Bxg4 28. hxg4 Rd7
29. Rd3 Qa8 30. Bd2 Qa6 31. Qc2 Nb5 32. g5 Bg7 33. Nh2 Nc7 34. Bc1 Ne6 35. Qe2
Qc4 36. Red1 Nf4 37. Bxf4 exf4 38. Qg4 Rde7 39. f3 Be5 40. Qh4 Rd7 41. Ng4 Qe6
42. Qh3 Bg7 43. Kh2 Rdd8 44. R1d2 Bh8 45. Rd1 h5 46. gxh6 Kh7 47. Nf2 Qf6 48.
Qg4 Re5 49. Nh3 Rh5 50. Kg1 Qe7 51. Qxf4 Be5 52. Qg4 f5 53. exf5 Rxf5 54. f4
Bf6 55. Qf3 Rdd5 56. g4 1-0

[Event "C.to Italiano Semifinale"]
[Site "Civitanova Marche ITA"]
[Date "2014.07.23"]
[Round "5"]
[White "Bellia, Fabrizio"]
[Black "De Filomeno, Simone"]
[WhiteElo "2396"]
[BlackElo "2440"]
[Result "1/2-1/2"]
[PlyCount "26"]
[EventDate "2014.07.19"]

1. d4 d5 2. c4 e6 3. Nf3 Nf6 4. g3 Be7 5. Bg2 O-O 6. O-O dxc4 7. Qc2 a6 8. Qxc4
b5 9. Qc2 Bb7 10. Bd2 Be4 11. Qc1 Bb7 12. Qc2 Be4 13. Qc1 Bb7 1/2-1/2

[Event "C.to Italiano Semifinale"]
[Site "Civitanova Marche ITA"]
[Date "2014.07.23"]
[Round "5"]
[White "Bruno, Fabio"]
[Black "Bove, Alessandro"]
[WhiteElo "2428"]
[BlackElo "2323"]
[Result "1-0"]
[PlyCount "93"]
[EventDate "2014.07.19"]

1. Nf3 Nf6 2. d4 e6 3. e3 b6 4. Bd3 Bb7 5. O-O Be7 6. c4 O-O 7. Nc3 d5 8. cxd5
exd5 9. b3 Re8 10. Bb2 Nbd7 11. Qc2 a6 12. Ne5 Bd6 13. f4 c5 14. Rad1 b5 15.
Bf5 cxd4 16. exd4 Nf8 17. a3 b4 18. axb4 Bxb4 19. Na4 a5 20. Bc3 Bc8 21. Bd3
Ba6 22. Bxa6 Rxa6 23. Bxb4 axb4 24. Qd3 Ra8 25. Rc1 Ne4 26. f5 Qg5 27. Rc2 Rac8
28. Nc6 Nc3 29. Nxc3 Rxc6 30. Nxd5 Rxc2 31. Qxc2 Qg4 32. Qd1 Qe4 33. Nxb4 Rd8
34. Re1 Qb7 35. Qd2 Rb8 36. Nd3 Nd7 37. Nc5 Nxc5 38. dxc5 Qxb3 39. Rc1 Rc8 40.
Qd4 Qb5 41. f6 Qe8 42. fxg7 Rd8 43. Qc3 Qe2 44. Re1 Rd1 45. Rxd1 Qxd1+ 46. Kf2
Qd5 47. h3 1-0

[Event "C.to Italiano Semifinale"]
[Site "Civitanova Marche ITA"]
[Date "2014.07.23"]
[Round "5"]
[White "Contin, Daniel"]
[Black "Stella, Andrea"]
[WhiteElo "2319"]
[BlackElo "2428"]
[Result "1-0"]
[PlyCount "81"]
[EventDate "2014.07.19"]

1. Nf3 c5 2. e4 d6 3. d4 cxd4 4. Nxd4 Nf6 5. Nc3 a6 6. Bg5 Nbd7 7. Bc4 g6 8. h4
h5 9. f4 Bg7 10. Qe2 Nb6 11. Bb3 Bg4 12. Qf2 Qc7 13. f5 Rf8 14. O-O gxf5 15.
exf5 O-O-O 16. a4 Kb8 17. a5 Nbd7 18. Rfe1 Ne5 19. Bxf6 Bxf6 20. Nd5 Qc5 21.
Nxf6 exf6 22. Ra4 Rg8 23. Re3 d5 24. Kf1 Rde8 25. Qe1 Re7 26. Qb4 Qxb4 27. Rxb4
Rd7 28. Rb6 Nc4 29. Bxc4 dxc4 30. c3 Rc8 31. Rxf6 Rc5 32. Re8+ Ka7 33. Rf8 Rxa5
34. R8xf7 Ra1+ 35. Kf2 Rxf7 36. Rxf7 Rb1 37. f6 Rxb2+ 38. Kg3 Rd2 39. Rxb7+
Kxb7 40. f7 Rd3+ 41. Kf4 1-0

[Event "C.to Italiano Semifinale"]
[Site "Civitanova Marche ITA"]
[Date "2014.07.23"]
[Round "5"]
[White "Formento, Paolo"]
[Black "Moroni, Luca Jr"]
[WhiteElo "2228"]
[BlackElo "2347"]
[Result "1/2-1/2"]
[PlyCount "75"]
[EventDate "2014.07.19"]

1. Nf3 d5 2. g3 e6 3. Bg2 c5 4. O-O Nf6 5. c4 dxc4 6. Na3 Nc6 7. Nxc4 Be7 8. b3
O-O 9. Bb2 Nd5 10. d4 b5 11. Nce5 Nxe5 12. Nxe5 Bb7 13. Rc1 Rc8 14. Qd2 f6 15.
Nd3 c4 16. bxc4 bxc4 17. Nc5 Bxc5 18. dxc5 Ba6 19. Rfd1 Rb8 20. Ba1 Re8 21. Bf1
Nb4 22. Bc3 Qxd2 23. Rxd2 Rec8 24. Bh3 f5 25. a3 Nd5 26. Bxf5 Kf7 27. Rxd5 exd5
28. Bxc8 Bxc8 29. Bd4 Bf5 30. c6 Rc8 31. Bxa7 Rxc6 32. Bd4 Ra6 33. Bc5 Rc6 34.
Bd4 Ra6 35. Ra1 Bc2 36. Rc1 Bf5 37. Bc5 Rc6 38. Bd4 1/2-1/2

[Event "C.to Italiano Semifinale"]
[Site "Civitanova Marche ITA"]
[Date "2014.07.23"]
[Round "5"]
[White "Genocchio, Daniele"]
[Black "Zamengo, Fulvio"]
[WhiteElo "2404"]
[BlackElo "2162"]
[Result "1/2-1/2"]
[PlyCount "85"]
[EventDate "2014.07.19"]

1. Nf3 Nf6 2. b3 g6 3. Bb2 Bg7 4. g3 O-O 5. Bg2 d6 6. O-O e5 7. d3 Nc6 8. Nbd2
Bd7 9. e4 Qc8 10. d4 exd4 11. Nxd4 Nxd4 12. Bxd4 Bh3 13. c4 Bxg2 14. Kxg2 Qd7
15. Qc2 Rae8 16. Rae1 Nh5 17. Bxg7 Nxg7 18. Qd3 Qc6 19. f3 Qc5 20. Qd5 Qb6 21.
Rf2 Re5 22. Qd3 Rfe8 23. f4 R5e7 24. Rfe2 f5 25. Qd5+ Kf8 26. Nf3 Qc6 27. Ng5
Nh5 28. Qxc6 bxc6 29. e5 h6 30. Nf3 Nf6 31. Nd4 dxe5 32. Nxc6 Re6 33. Nxe5 Ne4
34. Rd1 Rxe5 35. fxe5 Nc3 36. Rde1 Nxe2 37. Rxe2 Rd8 38. g4 Ke7 39. gxf5 gxf5
40. e6 Rd3 41. Kf2 a5 42. Re5 Rd2+ 43. Kg3 1/2-1/2

[Event "C.to Italiano Semifinale"]
[Site "Civitanova Marche ITA"]
[Date "2014.07.23"]
[Round "5"]
[White "Marsili, Riccardo"]
[Black "Cocchi, Andrea"]
[WhiteElo "2136"]
[BlackElo "2282"]
[Result "1/2-1/2"]
[PlyCount "77"]
[EventDate "2014.07.19"]

1. c4 g6 2. Nc3 Bg7 3. g3 c5 4. Bg2 Nc6 5. Nf3 d6 6. a3 e5 7. O-O Nge7 8. Rb1
Be6 9. d3 h6 10. b4 cxb4 11. axb4 d5 12. cxd5 Nxd5 13. Nxd5 Bxd5 14. b5 Ne7 15.
Bb2 f6 16. Qa4 O-O 17. e4 Bf7 18. d4 exd4 19. Bxd4 Nc8 20. Bc5 Re8 21. Rfd1 Qc7
22. Rbc1 Nb6 23. Qb4 Rad8 24. Rxd8 Qxd8 25. Qa5 Nc8 26. Qxd8 Rxd8 27. Bh3 Be8
28. Nd4 Bf7 29. Ne6 Re8 30. Nc7 Rd8 31. Nd5 f5 32. Be3 Bxd5 33. exd5 Nb6 34.
Bg2 Rd7 35. Rd1 Kf7 36. Rd3 Nc8 37. Rd2 Bf8 38. Rc2 Nb6 39. Bxb6 1/2-1/2

[Event "C.to Italiano Semifinale"]
[Site "Civitanova Marche ITA"]
[Date "2014.07.23"]
[Round "5"]
[White "Martorelli, Antonio"]
[Black "Miracola, Massimiliano"]
[WhiteElo "2269"]
[BlackElo "2157"]
[Result "1-0"]
[PlyCount "61"]
[EventDate "2014.07.19"]

1. e4 d6 2. d4 Nf6 3. Nc3 e5 4. Nf3 Nbd7 5. Bc4 Be7 6. O-O O-O 7. Re1 c6 8. a4
b6 9. h3 Bb7 10. d5 Rc8 11. dxc6 Bxc6 12. Ba6 Rb8 13. Bg5 Nc5 14. Bb5 Ba8 15.
Bxf6 Bxf6 16. Nd5 g6 17. b4 Nb7 18. Ra3 Bg7 19. Rc3 f6 20. Qd3 a5 21. Nc7 Qe7
22. Nd5 Qd8 23. Rc7 axb4 24. Rd7 Nc5 25. Rxd8 Nxd3 26. Rxf8+ Kxf8 27. cxd3 Bxd5
28. exd5 f5 29. Ng5 Bh6 30. h4 Rc8 31. Bc6 1-0

[Event "C.to Italiano Semifinale"]
[Site "Civitanova Marche ITA"]
[Date "2014.07.23"]
[Round "5"]
[White "Mola, Pietro"]
[Black "Basso, Pier Luigi"]
[WhiteElo "2225"]
[BlackElo "2302"]
[Result "1/2-1/2"]
[PlyCount "128"]
[EventDate "2014.07.19"]

1. Nf3 Nf6 2. c4 e6 3. g3 b6 4. Bg2 Bb7 5. O-O c5 6. Nc3 Be7 7. Re1 O-O 8. e4
d6 9. d4 cxd4 10. Nxd4 Qc7 11. Be3 a6 12. Rc1 Nbd7 13. f4 Rad8 14. g4 Ne5 15.
Nd5 exd5 16. cxd5 Nc4 17. Qe2 Rc8 18. b3 Qd7 19. bxc4 Qxg4 20. Nf5 Rfe8 21.
Qxg4 Nxg4 22. Bxb6 Bf8 23. Bd4 g6 24. Ne3 Nxe3 25. Bxe3 a5 26. Bh3 f5 27. exf5
Bxd5 28. fxg6 Rxc4 29. gxh7+ Kxh7 30. Rxc4 Bxc4 31. Bf5+ Kg8 32. Kf2 Bg7 33. a4
Bb3 34. Bd2 Bd4+ 35. Kg3 Rxe1 36. Bxe1 Bb6 37. Bd7 Kf7 38. h4 d5 39. f5 d4 40.
Kf4 d3 41. Bb5 Bf2 42. Bxa5 Bxh4 43. Bc3 Bf6 44. Bd2 Bc2 45. a5 Bg7 46. Ke4 Bc3
47. Ke3 Bxa5 48. Bxa5 d2 49. Bxd2 Bxf5 50. Kf4 Bh3 51. Ke5 Bg2 52. Bg5 Kg6 53.
Bf6 Kf7 54. Bd7 Bf3 55. Bd8 Bg2 56. Bg4 Kg6 57. Ke6 Be4 58. Bf6 Bd5+ 59. Ke5
Bc6 60. Bh4 Bg2 61. Ke6 Be4 62. Bd8 Bc2 63. Ke5 Bd3 64. Bd7 Kf7 1/2-1/2

[Event "C.to Italiano Semifinale"]
[Site "Civitanova Marche ITA"]
[Date "2014.07.23"]
[Round "5"]
[White "Rettore, Ludwig"]
[Black "Sibilio, Mario"]
[WhiteElo "2119"]
[BlackElo "2315"]
[Result "0-1"]
[PlyCount "108"]
[EventDate "2014.07.19"]

1. Nf3 g6 2. e4 c5 3. d4 cxd4 4. Nxd4 Bg7 5. Nc3 Nc6 6. Be3 Nf6 7. Bc4 O-O 8.
Bb3 Qa5 9. O-O d6 10. h3 Nd7 11. Nd5 Re8 12. Bd2 Qd8 13. Nb5 Rf8 14. Bc3 Bxc3
15. Nbxc3 Nc5 16. Bc4 Be6 17. Kh1 Rc8 18. f4 Bxd5 19. exd5 Nb8 20. Be2 Nbd7 21.
Bf3 Qb6 22. Rb1 Nf6 23. Qd4 Ncd7 24. Qxb6 Nxb6 25. Rfe1 Rfe8 26. Re2 Rc5 27.
Rd1 Kf8 28. g4 Rc4 29. Ne4 Nbxd5 30. Nxd6 exd6 31. Rxe8+ Kxe8 32. Bxd5 Nxd5 33.
Rxd5 Rxc2 34. Rb5 b6 35. Rb4 Kd7 36. a4 d5 37. a5 Kc6 38. axb6 axb6 39. Rb3 d4
40. Kg1 Kc5 41. Kf1 b5 42. Ra3 Rxb2 43. Ra7 d3 44. Ke1 Rh2 45. Rxf7 Rxh3 46. f5
gxf5 47. gxf5 Rf3 48. Kd2 h5 49. f6 Kb4 50. Rf8 Kb3 51. f7 b4 52. Kd1 Kb2 53.
Kd2 b3 54. Kd1 h4 0-1

[Event "C.to Italiano Semifinale"]
[Site "Civitanova Marche ITA"]
[Date "2014.07.23"]
[Round "5"]
[White "Valsecchi, Alessio"]
[Black "Gilevych, Artem"]
[WhiteElo "2421"]
[BlackElo "2362"]
[Result "1/2-1/2"]
[PlyCount "165"]
[EventDate "2014.07.19"]

1. e4 e6 2. d4 d5 3. Nd2 c5 4. exd5 exd5 5. Ngf3 Nc6 6. Bb5 Bd6 7. dxc5 Bxc5 8.
Nb3 Bd6 9. O-O Nge7 10. Re1 O-O 11. Bd3 Qc7 12. c3 h6 13. h3 a6 14. Bc2 Bd7 15.
Nbd4 Rae8 16. Be3 Qc8 17. Qd3 Ng6 18. Nf5 Nce5 19. Nxe5 Bxe5 20. a4 Bb8 21. Nh4
Re6 22. Bd4 Rfe8 23. Rxe6 Rxe6 24. Nxg6 Rxg6 25. Re1 Qd8 26. Qf3 Re6 27. Rxe6
Bxe6 28. Qd3 g6 29. Qe3 Qg5 30. Qxg5 hxg5 31. f3 f5 32. Be3 f4 33. Bb6 Kf7 34.
Bd8 Be5 35. Bxg5 d4 36. cxd4 Bxd4+ 37. Kf1 Bxb2 38. Bxf4 b5 39. axb5 Bc4+ 40.
Ke1 Bxb5 41. Bd2 Bf6 42. Bb3+ Kg7 43. Kf2 Bd4+ 44. Kg3 Bf1 45. Ba5 g5 46. Bd8
Be3 47. h4 gxh4+ 48. Bxh4 Bd2 49. Kf2 Bb5 50. Be7 a5 51. Ba3 Kf6 52. Bb2+ Kg5
53. g3 a4 54. Be6 Bd3 55. Bd7 Bc2 56. Ke2 Bb4 57. f4+ Kg6 58. g4 a3 59. Be8+
Kh7 60. Be5 a2 61. Bf7 Bb1 62. Kf3 Bf8 63. f5 Bg7 64. f6 Bh6 65. Kg3 Bg5 66.
Ba1 Kh6 67. Kh3 Kh7 68. Bd5 Kg6 69. f7 Be7 70. Kg3 Kg5 71. Kf3 Bd6 72. Bd4 Kg6
73. Be5 Bf8 74. Be6 Bg7 75. Ba1 Bh6 76. Bb3 Bg7 77. Ke3 Kh7 78. Kd2 Bg6 79. Bc2
Bxc2 80. Kxc2 Kg6 81. Kb3 Kxf7 82. Kxa2 Bxa1 83. Kxa1 1/2-1/2

[Event "C.to Italiano Semifinale"]
[Site "Civitanova Marche ITA"]
[Date "2014.07.23"]
[Round "5"]
[White "Vezzosi, Paolo"]
[Black "Garofalo, Simone"]
[WhiteElo "2282"]
[BlackElo "2064"]
[Result "1-0"]
[PlyCount "89"]
[EventDate "2014.07.19"]

1. d4 Nf6 2. Nf3 c5 3. d5 b5 4. c4 g6 5. cxb5 a6 6. b6 Bg7 7. Nc3 O-O 8. e4 d6
9. Qb3 Bb7 10. Nd2 e6 11. Bc4 Nbd7 12. dxe6 fxe6 13. Bxe6+ Kh8 14. O-O c4 15.
Qxc4 Nc5 16. Bh3 Qxb6 17. b4 Ncd7 18. Bb2 Ne5 19. Qb3 Qa7 20. Nd5 Nh5 21. Rae1
Bxd5 22. exd5 Nf4 23. Re3 a5 24. Ne4 Rab8 25. a3 Qb6 26. Bc3 h6 27. Qd1 Kh7 28.
Rg3 Qa6 29. Re1 Nfd3 30. Bxe5 Nxe5 31. bxa5 Qxa5 32. Be6 Rb2 33. Rge3 Nc4 34.
R3e2 Qxa3 35. Rxb2 Qxb2 36. h4 Qb4 37. h5 Ne5 38. Re3 g5 39. Qc2 Kh8 40. Ng3
Nc4 41. Re4 Rf4 42. Rxf4 gxf4 43. Qg6 Qb8 44. Nf5 Qf8 45. Nxg7 1-0

[Event "C.to Italiano Semifinale"]
[Site "Civitanova Marche ITA"]
[Date "2014.07.23"]
[Round "5"]
[White "Xia, Jie"]
[Black "Altini, Nicola"]
[WhiteElo "2292"]
[BlackElo "2412"]
[Result "1/2-1/2"]
[PlyCount "146"]
[EventDate "2014.07.19"]

1. d4 d5 2. Bg5 Nf6 3. Nd2 Nbd7 4. e3 e6 5. c4 h6 6. Bh4 Be7 7. Ngf3 O-O 8. Qc2
c5 9. dxc5 Nxc5 10. cxd5 Nxd5 11. Qxc5 Bxc5 12. Bxd8 Rxd8 13. Bc4 b6 14. O-O
Nxe3 15. fxe3 Bxe3+ 16. Rf2 Bb7 17. Re1 Bxf2+ 18. Kxf2 Rac8 19. Bb3 Bd5 20. Re3
Bxb3 21. Rxb3 e5 22. Ke3 Rc1 23. g4 g6 24. Rb5 f6 25. h4 Rc6 26. g5 a6 27. Rb3
hxg5 28. hxg5 fxg5 29. Nxg5 b5 30. Ndf3 Rc2 31. Nxe5 Rdd2 32. Ne4 Re2+ 33. Kf4
Rxb2 34. Rd3 Rxe4+ 35. Kxe4 Rxa2 36. Nxg6 b4 37. Ne5 a5 38. Rd8+ Kg7 39. Rb8
Ra1 40. Nc4 a4 41. Rxb4 a3 42. Ra4 a2 43. Ne3 Kf6 44. Nc2 Rh1 45. Rxa2 Rh4+ 46.
Kf3 Rh3+ 47. Kf4 Rh4+ 48. Kg3 Rh1 49. Nd4 Ke5 50. Nf3+ Kd5 51. Rd2+ Kc6 52. Kf4
Rh8 53. Ke4 Rh1 54. Ne5+ Kc5 55. Rc2+ Kb5 56. Kd4 Rd1+ 57. Nd3 Kb6 58. Rc3 Rh1
59. Kd5 Rd1 60. Ra3 Kc7 61. Kc4 Kd6 62. Ra6+ Ke7 63. Nf4 Kf7 64. Nd3 Ke7 65.
Kd4 Rh1 66. Ke5 Rh5+ 67. Ke4 Rh1 68. Nc5 Rh4+ 69. Kd5 Rh5+ 70. Kd4 Rh1 71. Ra7+
Kf6 72. Ne4+ Ke6 73. Ra6+ Ke7 1/2-1/2

[Event "C.to Italiano Semifinale"]
[Site "Civitanova Marche ITA"]
[Date "2014.07.24"]
[Round "6"]
[White "Altini, Nicola"]
[Black "Vezzosi, Paolo"]
[WhiteElo "2412"]
[BlackElo "2282"]
[Result "1-0"]
[PlyCount "63"]
[EventDate "2014.07.19"]

1. d4 Nf6 2. c4 e6 3. Nc3 Bb4 4. e3 b6 5. Nge2 Ba6 6. a3 Bxc3+ 7. Nxc3 d5 8.
Qf3 c6 9. b3 O-O 10. g4 Nfd7 11. Bb2 b5 12. c5 e5 13. Nxd5 cxd5 14. Qxd5 Qf6
15. Bg2 Rc8 16. Qxa8 Nc6 17. Bxc6 Rxa8 18. Bxa8 Qg6 19. O-O-O e4 20. f3 exf3
21. Bxf3 b4 22. axb4 Bd3 23. Rd2 Nf6 24. Rhd1 Be4 25. Bxe4 Nxe4 26. Rc2 Qg5 27.
c6 Qxe3+ 28. Kb1 Nd6 29. c7 Qe4 30. d5 Qxg4 31. Re1 Qd7 32. Re7 1-0

[Event "C.to Italiano Semifinale"]
[Site "Civitanova Marche ITA"]
[Date "2014.07.24"]
[Round "6"]
[White "Basso, Pier Luigi"]
[Black "Albertini, Luca"]
[WhiteElo "2302"]
[BlackElo "2159"]
[Result "1-0"]
[PlyCount "91"]
[EventDate "2014.07.19"]

1. d4 d5 2. c4 c6 3. cxd5 cxd5 4. Nc3 Nf6 5. Bf4 Nc6 6. e3 a6 7. Rc1 Bf5 8. Nf3
Rc8 9. Ne5 Nxe5 10. dxe5 Ne4 11. Bd3 e6 12. Bxe4 dxe4 13. Qa4+ Qd7 14. O-O Qxa4
15. Nxa4 Rc6 16. Rxc6 bxc6 17. Rc1 Kd7 18. Bg5 Bg4 19. f3 f6 20. Rd1+ Ke8 21.
fxg4 fxg5 22. a3 h5 23. h3 g6 24. b4 Rh7 25. Nc3 Ra7 26. Nxe4 a5 27. Nd6+ Bxd6
28. Rxd6 Ke7 29. gxh5 gxh5 30. Rxc6 axb4 31. axb4 Rb7 32. Rc4 Rb5 33. Kf2 Kf7
34. Ke2 Kg6 35. g4 hxg4 36. hxg4 Rxe5 37. Kd3 Rb5 38. Re4 Kf6 39. Kc4 Rb8 40.
b5 Rc8+ 41. Kb4 Rc1 42. b6 Ke7 43. Kb5 Rc8 44. b7 Rh8 45. Kc6 Rd8 46. Rd4 1-0

[Event "C.to Italiano Semifinale"]
[Site "Civitanova Marche ITA"]
[Date "2014.07.24"]
[Round "6"]
[White "Bove, Alessandro"]
[Black "Marsili, Riccardo"]
[WhiteElo "2323"]
[BlackElo "2136"]
[Result "1-0"]
[PlyCount "61"]
[EventDate "2014.07.19"]

1. e4 d5 2. exd5 Qxd5 3. Nf3 Nf6 4. d4 c6 5. Be2 Bf5 6. O-O e6 7. Re1 Be7 8.
Nh4 Bg6 9. Nxg6 hxg6 10. Bf3 Qd6 11. g3 Na6 12. c3 O-O 13. Na3 b5 14. c4 b4 15.
c5 Qc7 16. Nc4 Nd5 17. Qa4 Nb8 18. a3 bxa3 19. Rxa3 Nd7 20. Na5 Rfc8 21. b4
N7f6 22. Bd2 Rab8 23. Bg2 Qd7 24. Bf1 Ne8 25. Rb3 Bf6 26. b5 cxb5 27. Bxb5 Qc7
28. Reb1 Ne7 29. Bxe8 Rxe8 30. Rb7 Rxb7 31. Qxe8+ 1-0

[Event "C.to Italiano Semifinale"]
[Site "Civitanova Marche ITA"]
[Date "2014.07.24"]
[Round "6"]
[White "Caprino, Marco"]
[Black "Martorelli, Antonio"]
[WhiteElo "2024"]
[BlackElo "2269"]
[Result "0-1"]
[PlyCount "140"]
[EventDate "2014.07.19"]

1. e4 c5 2. Nc3 e6 3. f4 a6 4. Nf3 d6 5. d4 cxd4 6. Qxd4 Nc6 7. Qf2 Nf6 8. h3
Be7 9. Be3 b5 10. Bd3 Bb7 11. O-O O-O 12. a3 Rc8 13. Rad1 Qc7 14. Ne2 Rfe8 15.
c3 Qb8 16. b4 e5 17. f5 Bf8 18. Bg5 Be7 19. Ng3 Qa7 20. Be3 Qa8 21. Rc1 Nb8 22.
Nd2 Nbd7 23. a4 d5 24. axb5 a5 25. bxa5 Qxa5 26. c4 d4 27. Bg5 Ng4 28. hxg4
Bxg5 29. Nb3 Qb4 30. Qc2 Be3+ 31. Kh2 Bxc1 32. Rxc1 Nc5 33. Nxc5 Qxc5 34. f6 g6
35. Qd2 Kh8 36. Qh6 Rg8 37. Rh1 Qf8 38. Qg5 Ra8 39. Kg1 Ra1+ 40. Nf1 Ra3 41.
Rh6 Rxd3 42. Qh4 Qxh6 43. Qxh6 Bxe4 44. Qg5 Rd1 45. Kf2 Bd3 46. Nd2 e4 47. Kg3
e3 48. Nf3 Bxc4 49. Qc5 Be6 50. Nxd4 Rd8 51. Nf3 R1d3 52. Qc7 Rc8 53. Qf4 g5
54. Qe4 Rd5 55. b6 Rb5 56. Qd3 Rb3 57. Qe4 h6 58. Kh2 Rd8 59. b7 Bd5 60. Qe7
Rg8 61. Nd4 Rb2 62. Qxe3 Rxg2+ 63. Kh3 Rb2 64. Qe5 Bxb7 65. Nf5 Rb3+ 66. Kh2
Ra8 67. Ne3 Bc6 68. Qc5 Be4 69. Qd4 Ra2+ 70. Kg3 Re2 0-1